Holiday Quiz

Random Holiday or Art Quiz
Score 0/12 Timer 04:00
1 Play Today
% Correct
Fireworks
95.6%
Lantern Festival
94.5%
Dragon Dance
93.7%
Gift
93%
Harvest
92.9%
National Beer Festival
92.4%
Garland
90.9%
Summer Solstice
90.2%
April Fools' Day
88.4%
Mardi Gras
88.2%
Wassail
88.2%
QuinceaƱera
86.7%
Remove Ads.
Support Sporcle.
Get the best of Sporcle when you Go Orange. This ad-free experience offers more features, more stats, and more fun while also helping to support Sporcle. Thank you for becoming a member.

You're not logged in!

Compare scores with friends on all Sporcle quizzes.
OR
Log In

Show Comments

Extras

Top Quizzes Today


Score Distribution

Your Account Isn't Verified!

In order to create a playlist on Sporcle, you need to verify the email address you used during registration. Go to your Sporcle Settings to finish the process.

Report this User

Report this user for behavior that violates our Community Guidelines.

Details: